000 01258nam a2200325 a 4500
001 000112883
003 CHAP
005 20240418105913.0
008 170130s2016 mx sm |||||||spa d
010 _a109344
011 _a110316
040 _cCHAP
090 _aTesis
100 1 _aCrescencio Damián, María de los Ángeles
_9131401
245 1 0 _aCaracterización de harina elaborada a base de subproductos derivados del sacrificio de cerdos
_h[En línea]
_cpor María de los Angeles Crescencio Damián y Oscar Palacios Alcántara.
260 _aChapingo, Méx. :
_bEl autor,
_c2016.
500 _aPara ver el contenido del material haga clic en la liga
502 _aTesis (Ing. Agroindustrial ) -- UACH. Departamento de Ingeniería Agroindustrial
590 _aBATCH-UPD
_b05
_c20170130
_lUCH01
_h1228
590 _aE5765TAJ
_b05
_c20170130
_lUCH01
_h1227
590 _aE5765TAJ
_b05
_c20170130
_lUCH01
_h1228
650 1 4 _aÁcidos grasos
_xAnálisis.
_9130598
650 1 4 _aGanado porcino
_xSubproductos.
_945409
650 1 4 _aHarina de cerdo
_xAnálisis.
_9131403
700 1 _aPalacios Alcántara, Oscar
_9131402
856 _aFinding aid
_uhttp://10.13.5.2/tesis/sist112883.pdf
_zTeclea aquí
901 _aBK
942 _cTESIS
942 _n0
999 _c109344
_d109344